00795cac a22002051u 4500008004100000010001500041020002800056020001500084020003100099082002000130245008000150260006100230300003600291650002600327650002800353700002700381942002400408999001300432952014400445081108t2004 n ||||| |||| 001 0 eng d a2003062230 a0131133268 (alk. paper) a0131248502 a9780131133266 (alk. paper)00a004.21222bOBJ00aObject-oriented systems analysis and design /cJoey F. George ... [et al.]. aUpper Saddle River, NJ :bPearson Prentice Hall,cc2004. a xxvi, 500 p. :bill. ;c29 cm. 0aSystem design.918050 0aSystem analysis.9180511 aGeorge, Joey F.918052 cBBk004.21 OBJ2ddc c407d407 00102ddc40708 aMAINbMAINcLOWd2011-04-06epurchaseg206.94l3m9o004.21 OBJp000004226r2025-07-15 00:00:00s2013-12-04v258.68yBB